|
|
|
|
| LEADER |
01435nam a2200337 a 4500 |
| 001 |
c000182486 |
| 003 |
CARM |
| 005 |
20050421160157.0 |
| 008 |
930111s1992 xnaa b s000 0 eng d |
| 019 |
1 |
|
|a 9220867
|z 9583798
|z 45180802
|5 LACONCORD2021
|
| 035 |
|
|
|a (OCoLC)38328465
|5 LACONCORD2021
|
| 040 |
|
|
|a NUN
|b eng
|c NUN
|d NU
|
| 042 |
|
|
|a anuc
|
| 043 |
|
|
|a u-at-ne
|
| 082 |
0 |
4 |
|a 338.135
|
| 100 |
1 |
|
|a Griffith, Garry R.
|q (Garry Richard)
|
| 245 |
1 |
0 |
|a Price levelling and price averaging in wholesale-retail price spreads for fresh vegetables in the Sydney market /
|c G.R. Griffith, W.E. Jamandre and R.R. Piggott.
|
| 260 |
|
|
|a [Sydney] :
|b Economics Services Unit, NSW Agriculture,
|c [1992].
|
| 300 |
|
|
|a 18 p. :
|b 1 ill ;
|c 30 cm.
|
| 490 |
1 |
|
|a Research workpaper ;
|v no. 1/92
|
| 504 |
|
|
|a Bibliography: p. 15.
|
| 650 |
|
0 |
|a Vegetables
|z New South Wales
|x Marketing.
|
| 650 |
|
0 |
|a Vegetable trade
|z New South Wales
|z Sydney.
|
| 650 |
|
0 |
|a Vegetables
|x Prices
|z New South Wales
|z Sydney.
|
| 700 |
1 |
|
|a Jamandre, W. E.
|
| 700 |
1 |
|
|a Piggott, R. R.
|
| 710 |
2 |
|
|a NSW Agriculture.
|b Economics Services Unit.
|
| 830 |
|
0 |
|a Research workpaper (NSW Agriculture. Economics Services Unit) ;
|v no. 92/1.
|
| 852 |
8 |
|
|b CARM
|h A1:AR38F0
|i D07768
|p 0248629
|f BK
|
| 999 |
f |
f |
|i 827ac3e9-b153-5b68-92cd-2dea103e7721
|s e2b5ca7d-0200-5338-885c-e34d99bd24a8
|
| 952 |
f |
f |
|p Can circulate
|a CAVAL
|b CAVAL
|c CAVAL
|d CARM 1 Store
|e D07768
|f A1:AR38F0
|h Other scheme
|i book
|m 0248629
|